000 00518nam a22001937a 4500
003 MPLRDC
005 20220104161623.0
008 210129b ||||| |||| 00| 0 eng d
020 _a7-80657-742-4
082 _a873.84 LEW v.3
100 _aC. S. LEWIS
245 _a黎明踏浪号
_c陈良廷等译
250 _a重印
260 _a中国
_b译林出版社
_c2005
300 _b
490 _a纳尼亚传奇 THE CHRONICLES OF NARNIA
650 _a英国文学--长篇小说
942 _cBK
_o873.84 LEW v.3
999 _c55568
_d55558